[Event "RUS-ch"]
[Site "Elista"]
[Date "1996.??.??"]
[Round "10"]
[White "Korneev, Oleg"]
[Black "Zvjaginsev, Vadim"]
[Result "0-1"]
[WhiteElo "2565"]
[BlackElo "2590"]
[Annotator "Atlas,V"]
[PlyCount "110"]
[EventDate "1996.10.15"]
[EventType "swiss"]
[EventRounds "11"]
[EventCountry "RUS"]
[SourceTitle "CBM 056"]
[Source "ChessBase"]
[SourceDate "1997.02.01"]
[SourceVersion "1"]
[SourceVersionDate "1997.02.01"]
[SourceQuality "1"]

1. e4 c5 2. Nf3 e6 3. d4 cxd4 4. Nxd4 Nc6 5. Nc3 d6 6. Be3 Nf6 7. f3 Be7 8. Qd2
O-O 9. O-O-O a6 10. g4 Nd7 11. Rg1 Nxd4 12. Bxd4 b5 13. g5 b4 14. Ne2 a5 15.
Kb1 Ne5 16. Qf4 {[%csl Rf6][%cal Gf5f6,Yf4f6,Gd4f6,Re2g3,Rg3h5,Rh5f6,Yd8f6,
Ge7f6] An interesting concept. White tries to win the battle for the square f6
by distracting black queen from d8.} Qc7 (16... Nc6 17. Bf6 e5 18. Qh4 $40) (
16... Ng6 $6 17. Qg3 {/\h4-h5}) 17. Ng3 g6 (17... Nc6 18. Bf6) 18. Qe3 Bb7 (
18... Nc6 19. Bf6) 19. f4 Nd7 $1 {Threastening e5} 20. e5 {Dubious decision.} (
20. Qd2 e5 21. Be3 exf4 22. Bxf4 Ne5) 20... Rac8 21. Bd3 dxe5 22. fxe5 Bc5 {
[%csl Re5][%cal Gc7e5,Gd7e5]} 23. Be4 Ba6 (23... Bxe4 $5 24. Nxe4 Bxd4 25. Rxd4
(25. Qxd4 Qxc2+ 26. Ka1 a4 $36 (26... Rfd8 $5 27. Nf6+ $140 $2 Nxf6 28. Qxd8+
Rxd8 29. Rxd8+ Ne8 30. Rxe8+ Kg7 {with excellent winning chances.})) 25...
Qxc2+ 26. Ka1 Nxe5 27. Nf6+ Kg7 28. Rh4 Rh8) 24. Nh5 (24. Bd3 $2 Bxd3 25. Qxd3
Bxd4 26. Qxd4 Qxc2+) 24... Bxd4 (24... gxh5 $2 25. g6 $1 {[%cal Ge3h6,Rg1g8]}
fxg6 26. Qh6 Bxd4 $140 $4 (26... Nxe5 27. Bxe5 Qxe5 28. Bxg6 $18 (28. Rd7 $18))
27. Rxg6+ Kf7 (27... hxg6 28. Qxg6+ Kh8 29. Qh7#) 28. Qxh7+ Ke8 29. Rxe6+ Kd8
30. Qe7#) 25. Qxd4 Be2 $1 {This leads to a clearly better ending.} 26. Qxd7
Bxh5 27. Qxc7 Rxc7 28. Rde1 Rc5 29. Bd3 Rd8 {[%csl Re5][%cal Gd8d5,Gd5e5,Gc5d5,
Gh5g4,Gg4f5,Gf5d3] Chronical weakness of the kingside pawns, and above all Pe5,
stipulates Black's enduring positional advantage. Black's plan is to condemn
wihte rooks to a passive defence of the pawn e5 which opens the way to f5 for
his bishop.} 30. Re3 Rdd5 31. Rge1 Bg4 $1 32. b3 Bf5 {Forcing the exchange of
bishops. Now White has an unpleasant choise betwen getting an additional
weakness at d3 and opening the route to the Pg5 for the black king.} 33. Kb2
Bxd3 34. cxd3 Rc3 35. Rd1 Rd4 $1 {Domination of his rooks guarantees Black
excellent winning perspectives.} 36. a3 Rg4 37. axb4 axb4 38. Rg3 Rf4 39. Rd2
h5 $1 {A very important pawn move, clearing the way to the king. If White does
not take the pawn, black kings marchs to d5; otherwise it comes to h6,
supporting devastating for White movement of Pg6.} 40. gxh6 Kh7 41. d4 Rc7 42.
d5 exd5 43. Rgd3 Kxh6 44. Rxd5 Re7 45. Re2 g5 46. Rc5 g4 47. Kc2 f5 $1 {
The crucial point of Black's plan. March of black pawn "f", supported by the
king, desides the game.} 48. Rc8 Rd4 49. Rc4 Rxc4+ 50. bxc4 Kg5 51. Kb3 f4 52.
c5 f3 53. Rc2 Rxe5 54. c6 Re8 55. Kxb4 Kf4 0-1

[Event "Mermaid Beach Club"]
[Site "Bermuda"]
[Date "1999.01.28"]
[Round "8"]
[White "Ashley, Maurice"]
[Black "Teplitsky, Yan"]
[Result "1-0"]
[WhiteElo "2473"]
[BlackElo "2453"]
[Annotator "Atlas,V"]
[PlyCount "82"]
[EventDate "1999.01.21"]
[EventType "tourn"]
[EventRounds "13"]
[EventCountry "BER"]
[EventCategory "9"]
[SourceTitle "CBM 069"]
[Source "ChessBase"]
[SourceDate "1999.04.01"]
[SourceVersion "1"]
[SourceVersionDate "1999.04.01"]
[SourceQuality "1"]

1. e4 c5 2. Nf3 e6 3. d4 cxd4 4. Nxd4 a6 5. Nc3 d6 6. Be3 Nf6 7. f3 b5 8. Qd2
h5 {A rare move, aiming at preventing the advance of the g-pawn.} 9. O-O-O (9.
a4 {is an interesting altermative:} b4 10. Na2 e5 11. Nb3 a5 12. Bb5+ Bd7 13.
c3 bxc3 14. Nxc3 Bxb5 15. axb5 Nbd7 16. O-O Be7 17. Qf2 O-O 18. Ra4 Nc5 19.
Nxc5 dxc5 20. Bxc5 Bxc5 21. Qxc5 Nd7 22. Qf2 Nb6 23. Raa1 Qc7 24. Rfd1 {
1-0 Olivier,J-Ivanov,M/Cannes 1995/CBM 46 ext (56)}) 9... Nbd7 10. Bd3 Bb7 11.
Rhe1 (11. f4 {is another option here:} b4 12. Nce2 e5 13. Nf3 Qc7 14. Ng5 Rc8
15. Kb1 Be7 16. h3 Nc5 17. Ng3 g6 18. h4 exf4 19. Bxf4 O-O 20. Rhe1 Nxd3 21.
cxd3 a5 22. Be3 Ng4 23. Bd4 Ba6 24. Rf1 a4 25. Ne2 d5 26. exd5 Bd6 27. Ne4 b3
28. Bc3 Rfe8 29. Nd4 Be5 30. Nc6 Bxc3 31. Qxc3 {0-1 Van Laatum,G-Bosboom,M/
Groningen 1995/CBM 50 ext (43)}) 11... Be7 12. Kb1 Rc8 (12... Nb6 {allows
White to develop dangerous initiative:} 13. Qf2 $1 {(threatening 14.Ne6)} Nfd7
14. Qg3 g6 $140 $2 15. Nxe6) 13. h3 {Threatening 14.g2-g4.} h4 14. Bf2 Ne5 $6 (
14... Nb6 $1 15. f4 b4) (14... Nc5 15. a3 g5 $5 {Now} 16. Qxg5 {fails to 16...
Nfe4} (16. Be3 Nfd7 {/\Ne5, with good counterplay.})) 15. f4 Nc4 16. Bxc4 Rxc4
17. Qd3 Qc8 18. e5 dxe5 19. fxe5 Rxc3 {A dubious sacrifice.} (19... Nd7 {
is elegantly refuted by} 20. Nxe6 $1 fxe6 21. Qg6+ Kf8 (21... Kd8 22. Bb6+) 22.
Rf1) (19... Nd5 {was to be preferred.}) 20. bxc3 Nd5 21. Ne2 (21. Kb2 $6 {
is strongly met by} Nb6) 21... Qc7 22. Bd4 O-O 23. g3 {The most natural
continuation. Opening the g-file, White develops dangerous attack on the
kingside.} Rc8 (23... hxg3 24. Nxg3 $40) 24. gxh4 b4 25. c4 $1 {Again the best
move. In the occuring ending White has better chances.} Qxc4 26. Qxc4 Rxc4 27.
h5 {[%mdl 4096]} Bg5 28. Rg1 Bh6 29. Rg4 Ne7 {Threatening ...Bf3.} ({Yet,} 
29... a5 {was a better choice.}) 30. Rd3 Nf5 $6 {Again, 30...a5 was to be
preferred.} 31. Ng3 $1 {[%csl Rb4,Rc4][%cal Gd4b2,Gg4b4]} Nxd4 $6 {This
exchange significantly simplifies White's task. 31...Rc8 or 31...a5 was more
stubborn.} 32. Rdxd4 Rc5 33. Rd8+ Kh7 34. Rxb4 Bg5 35. Rf8 Rc7 36. Ne4 {
[%csl Rb7,Rf7][%cal Ge4d6,Gd6f7,Ge4g5,Gd6b7]} Be7 ({If} 36... Bf4 {then} 37.
Nd6 $18 (37. Nf6+ $6 gxf6 38. Rxf4 Kg7)) 37. Rxf7 a5 38. Rd4 Kh6 39. Nd6 Bg2
40. Rg4 Bxd6 41. Rxc7 Bxh3 ({Black resigned, as after} 41... Bxh3 42. exd6 Bxg4
43. d7 {White promotes his pawn.}) 1-0

[Event "ISR-ch"]
[Site "Ramat Aviv"]
[Date "1998.11.08"]
[Round "1.1"]
[White "Vydeslaver, Alik"]
[Black "Psakhis, Lev"]
[Result "0-1"]
[WhiteElo "2405"]
[BlackElo "2560"]
[Annotator "Atlas,V"]
[PlyCount "116"]
[EventDate "1998.11.08"]
[EventType "k.o."]
[EventRounds "5"]
[EventCountry "ISR"]
[SourceTitle "CBM 068"]
[Source "ChessBase"]
[SourceDate "1999.02.01"]
[SourceVersion "1"]
[SourceVersionDate "1999.02.01"]
[SourceQuality "1"]

1. e4 {Hecht} c5 2. Nf3 e6 3. Nc3 a6 4. g3 Nc6 5. Bg2 d6 6. O-O Nf6 7. d4 cxd4
8. Nxd4 Bd7 9. Be3 Be7 10. Kh1 ({A dubious alternative to the standard
continuations:} 10. Nxc6 Bxc6 11. a4 Qa5 12. Qd4 O-O 13. h3 Rac8 14. Rfd1 Rfd8
15. Qb6 Qh5 16. Qb3 Qg6 17. Bb6 Re8 18. Re1 h5 19. Rad1 Nd7 20. h4 Qg4 21. Bd4
Ne5 {0-1 Kruszynski Wlodzimierz-Dydyshko Viacheslav/It open 1994 (53)}) (10.
Nb3 b5 11. f4 O-O 12. e5 dxe5 13. fxe5 Nxe5 14. Bxa8 Qxa8 15. Bd4 Neg4 16. Bxf6
Nxf6 17. Rxf6 Bxf6 18. Qxd7 Rd8 19. Qc7 b4 20. Ne2 Rc8 21. Qd7 Bxb2 22. Rf1 Bf6
23. Qd3 {1/2-1/2 Ubilava,E-Karpov,A/Daugavpils 1971 (23)}) (10. Qe2 O-O 11.
Rfd1 Qc7 12. a4 Nxd4 13. Bxd4 Bc6 14. a5 Nd7 15. Nd5 Bxd5 16. exd5 e5 17. Be3
Rac8 18. Rdc1 {1-0 Abbasov Farid-Sharma Arun/Ch World cadets unde 1993 (33)}) (
10. f4 O-O 11. Qe2 Rc8 12. Rad1 Nxd4 13. Bxd4 Bc6 14. f5 exf5 15. Rxf5 b5 16.
a3 Qc7 17. Rdf1 Ne8 18. h4 Qb7 {1-0 Safholm,S-Sanden,S/Stockholm 1993/EXT 97 
(34)}) 10... O-O 11. f4 Rc8 12. f5 $6 {An untimely pawn advance. Better was 12.
a4, with approximately equal chances.} Nxd4 13. Bxd4 e5 14. Be3 $2 ({A mistake.
} 14. Bg1 {was to be preferred, although at any rate Black has an excellent
play.}) 14... b5 $1 {An important ouverture to the exchange sacrifice. Before
undertaking the sacrifice, Black needs to open the main diagonal for his queen.
} 15. a3 Rxc3 $1 {[%csl Re4][%cal Gd7c6,Gc6e4,Gd8a8,Ga8e4,Gf6e4][%mdl 544] A
thematic exchange sacrifice, yielding Black a large advantage. Black pieces
manage to set the ideal positions and win the weak e4- and c3-pawns.} 16. bxc3
Bc6 17. Bg5 (17. Qd3 {fails to} Qa8 18. Bg5 $140 Bxe4 19. Bxe4 $2 Nxe4 {
winning.}) 17... Nxe4 18. Bxe7 Qxe7 19. f6 {This tactical trick does not help
White.} Qb7 ({Certainly, not} 19... gxf6 $4 20. Qg4+ $18) 20. fxg7 Rc8 $1 21.
Qg4 $6 ({More stubborn was} 21. Qe2 Nxc3 $140 22. Bxc6 Qxc6+ 23. Qf3) 21... Nd2
22. Rf2 Bxg2+ 23. Rxg2 Rxc3 24. Qg5 (24. Qb4 {falls short after} Rxc2 25. Qxd6
Qxg2+ $1 26. Kxg2 Ne4+) 24... Ne4 25. Qd8+ Kxg7 26. Re1 Rxc2 $1 {[%csl Rg2,Rh1]
[%cal Gb7h1,Ge4f2,Gf2h3] The decisive blow! Now White is lost.} 27. Qh4 (27.
Rxc2 Nf2+ 28. Kg1 Nh3+ 29. Kf1 Qf3+) (27. Kg1 Rxg2+ 28. Kxg2 Ng5+) (27. Rxe4
Rc1+ (27... Qxe4 $140 $2 28. Qg5+ Kf8 29. Qd8+ {with draw by perpetual}) 28.
Rg1 Qxe4#) 27... f5 $1 28. Rxc2 Nd2+ 29. Re4 Nxe4 30. Kg1 {Hecht: '[#] Schwarz
gewinnt mit seinen drei Mehrbauern für die Qualität. Man beachten den
feinsinnigen Schluß! Taktik!'} Qd7 31. Qh5 h6 32. Qd1 Kg6 33. Qd5 Nf6 34. Qc6
Qa7+ 35. Kg2 Qd4 36. h3 a5 {White has no counterarguments against the
advancement of black pawns combined with the threats to White's king.} 37. Kh2
b4 38. axb4 axb4 39. Qc4 Qe4 40. Qb3 h5 41. Rc7 d5 42. Rc6 h4 $1 {The best
move. Black thereby creates the chain of three central advanced pawns.} 43.
gxh4 f4 44. Qd1 Kf5 45. Qg1 Qe2+ ({It was still not too late to lose:} 45... d4
$4 46. Qg5#) 46. Kh1 Qf3+ 47. Kh2 Qe2+ 48. Kh1 Qh5 49. Qg5+ {The occuring
ending is entirely hopeless for White.} Qxg5 50. hxg5 Kxg5 51. Rb6 d4 52. Rxb4
d3 53. Rb8 e4 54. Kg2 d2 55. Rd8 f3+ 56. Kg3 Nh5+ 57. Kf2 Kf4 58. Rf8+ Nf6 ({
The final tactical trick. After} 58... Nf6 $1 59. Rxf6+ Ke5 {there is no way
to stop the d-pawn.}) 0-1

[Event "VISA GP"]
[Site "Reykjavik"]
[Date "1998.03.11"]
[Round "2"]
[White "De Firmian, Nick E"]
[Black "Akesson, Ralf"]
[Result "1-0"]
[WhiteElo "2590"]
[BlackElo "2505"]
[Annotator "Atlas,V"]
[PlyCount "69"]
[EventDate "1998.03.10"]
[EventType "swiss"]
[EventRounds "9"]
[EventCountry "ISL"]
[SourceTitle "CBM 064"]
[Source "ChessBase"]
[SourceDate "1998.06.02"]
[SourceVersion "1"]
[SourceVersionDate "1998.06.02"]
[SourceQuality "1"]

1. e4 c5 2. Nf3 e6 3. d4 cxd4 4. Nxd4 a6 5. Nc3 d6 6. a4 Nc6 7. Be3 Nf6 8. Be2
Nxd4 $6 {Rare and dubious move.} 9. Qxd4 Bd7 10. O-O Bc6 $6 ({Another
inaccuracy, allowing White to develop dangerous initiative. Better was} 10...
Be7) 11. b4 $1 Be7 ({After} 11... e5 12. Qd3 {followed by 13. b5 White obtains
a large advanatage.}) 12. b5 Bd7 (12... axb5 13. axb5 {opening of the a-file
is clearly in White's favor.}) 13. f4 $1 Qc7 $2 ({After this mistake Black's
position becomes critical. Better was} 13... O-O 14. e5 $16) 14. e5 Rc8 15.
bxa6 $1 {[%csl Rc8][%cal Ga6b7,Gb7c8] This is the point! Black's defensive
concept would be entirely justified after 15.Na2 Nd5, but after the text move
White obtains decisive advantage.} bxa6 ({If} 15... Qxc3 {, then} 16. axb7 Qxd4
17. bxc8=Q+ $18) 16. Bxa6 Qxc3 17. Bxc8 Qxc8 18. exf6 Bxf6 ({After} 18... gxf6
19. a5 {march of the advanced a-pawn easily decides the game.}) 19. Qxd6 Bxa1
20. Bc5 Qd8 (20... Bf6 21. Rb1 Bd8 (21... Qd8 22. Rb8 Bc8 23. Qc6+ $18) 22. Rb8
Qc6 23. Qe7#) 21. Rxa1 (21. Rb1 Bc8 {must suffice for win, but the text move
is simpler and much stronger.}) 21... Bc8 22. Qc6+ Qd7 23. Qb5 $1 {[%cal Gb1d1,
Gd1d7,Ga1d1,Gd7b5,Ga4b5] The final subtlety. Now after 24.Rd1 Black is forced
to exchange the queens on b5, allowing White to get two advanced pawns: c2 and
b5.} f6 24. Rd1 Qxb5 25. axb5 Kf7 26. c4 e5 27. Bd6 {The game is entirely lost
for Black. The rest need no comments.} exf4 28. c5 Rd8 29. Re1 Rd7 30. Bxf4 Rd4
31. Bd6 Be6 32. Rb1 Bf5 33. Rb2 Be4 34. b6 Bb7 35. Ra2 1-0

[Event "RUS-Cup01 Chigorin Memorial"]
[Site "St Petersburg"]
[Date "1997.11.05"]
[Round "5"]
[White "Malyshev, Igor"]
[Black "Tseitlin, Mark D"]
[Result "0-1"]
[WhiteElo "2300"]
[BlackElo "2530"]
[Annotator "Atlas,V"]
[PlyCount "62"]
[EventDate "1997.11.01"]
[EventType "swiss"]
[EventRounds "9"]
[EventCountry "RUS"]
[SourceTitle "CBM 062"]
[Source "ChessBase"]
[SourceDate "1998.01.31"]
[SourceVersion "1"]
[SourceVersionDate "1998.01.31"]
[SourceQuality "1"]

1. e4 {Baburin} c5 2. Nf3 Nc6 3. d4 cxd4 4. Nxd4 Nf6 5. Nc3 d6 6. Be3 e6 7. f3
Be7 8. Qd2 a6 9. O-O-O O-O 10. g4 Nxd4 11. Bxd4 b5 12. g5 Nd7 13. f4 (13. h4
Rb8 14. Ba7 Rb7 15. Be3 Qc7 16. Bd3 b4 17. Ne2 b3 18. axb3 Rxb3 19. Kb1 Rb8 20.
Qc3 Qxc3 21. Nxc3 Bb7 22. Be2 Rfc8 23. Ba7 Ra8 24. Bd4 Rc7 25. Rd2 Rb8 26. Nd1
a5 27. Ne3 a4 {Magem Badals,J-Ehlvest,J/Pamplona 1991/CBM 28/0-1 (38)}) (13.
Be3 b4 14. Ne2 a5 15. Nd4 Bb7 16. h4 Ne5 17. Qh2 a4 18. Kb1 b3 19. cxb3 Nxf3
20. Qg3 Bxe4+ 21. Bd3 Bxd3+ 22. Rxd3 Nxd4 23. Bxd4 axb3 24. a3 Qa5 25. Bc3 Qf5
26. Ka1 Rfc8 27. Rg1 Rc4 28. Rd2 Raa4 29. Rf2 Rxc3 30. Qg2 Qc5 {0-1 Maros,
M-Filipek,J/EU-chJ U16 1994/TD 94\01}) 13... b4 14. Ne2 e5 15. Be3 Qa5 (15...
exf4 16. Bxf4 Qa5 17. Kb1 Nc5 18. Bg2 Be6 19. Nc1 Rac8 20. h4 f5 21. exf5 Bxf5
22. Rde1 Ne6 23. Be4 Nxf4 24. Qxf4 Rc4 25. Nd3 Qb5 26. g6 Bxe4 27. gxh7+ Bxh7
28. Qe3 Bf6 29. h5 Rxc2 {0-1 Waitzkin,J-Kraai,J/New York op 1991/EXT 97}) 16.
Qd5 $2 {An unfortunate choice. 16.Kb1 was to be preferred. Baburin: Obviously,
when playing his previous move Black expected this reply, but he had an
interesting plan in mind.} Nc5 $1 ({This strong response discloses the
shortcomings of the premature white queen thrust. Avoiding the complex ending,
occuring after} 16... Qxd5 17. exd5 (17. Rxd5 $2 {is bad in view of} Bb7 {
) , Black undertakes an enterprising sacrifice, yielding him a very strong
attack.})) 17. Qxa8 (17. Kb1 {is certainly impossible because of} Be6) 17...
Bb7 18. Qa7 ({After} 18. Qxf8+ Kxf8 {White, suffering from the weakness of the
e4- and a2- pawns, is helpless against the manifold threats of his opponent.})
18... Ra8 19. Bxc5 {This is the move which White counted on. Now he wins the
rook pair and a minor piece for his queen. However, the remaining black pieces
are extremely active, and we immediately see the failure of White's strategic
concept.} Rxa7 20. Bxa7 Bxe4 {Baburin: This is the point - although now White
has a big material advantage, he cannot keep all of it in view of the two
threats: ...Bxh1 and ...Qc7.} 21. Ng3 {[%csl Ra2,Ra7,Rc2,Rh1][%cal Ga5a2,Ge4c2,
Ge4h1,Ga5c7,Gc7c2,Gc7a7]} ({White has no choice.} 21. Rg1 {loses in view of}
Qc7 $1) 21... Bxh1 22. Nxh1 Qxa2 {Although normally a rook and two minor
pieces are more than sufficient compensation for the queen, in this position
White is defenceless. His pieces are entirely discoordinated and cannot oppose
anything to the march of the black a-pawn. Baburin: A very interesting
position. Normally a rook and two minor pieces are stronger than a queen, but
here White's pieces are badly co-ordinated (just look at the knight on h1!)
and therefore Black's position is much better.} 23. Be3 Qa1+ 24. Kd2 Qxb2 {
[%cal Ga6a1]} 25. Bd3 a5 26. Nf2 a4 27. Rc1 exf4 ({White was counting on} 27...
a3 28. Nd1 {. The text move deprives White of the last hope.}) 28. Bxf4 a3 29.
Nd1 Qd4 30. Be3 Qe5 31. h4 d5 0-1

[Event "RUS-Cup9"]
[Site "Novgorod"]
[Date "1997.06.20"]
[Round "8"]
[White "Korneev, Oleg"]
[Black "Galkin, Alexander"]
[Result "0-1"]
[WhiteElo "2590"]
[BlackElo "2510"]
[Annotator "Atlas,V"]
[PlyCount "76"]
[EventDate "1997.06.11"]
[EventType "swiss"]
[EventRounds "9"]
[EventCountry "RUS"]
[SourceTitle "CBM 060"]
[Source "ChessBase"]
[SourceDate "1997.09.29"]
[SourceVersion "1"]
[SourceVersionDate "1997.09.29"]
[SourceQuality "1"]

1. e4 c5 2. Nf3 e6 3. d4 cxd4 4. Nxd4 Nf6 5. Nc3 d6 6. Be3 a6 7. f3 b5 8. Qd2
Nbd7 9. O-O-O Bb7 10. g4 h6 11. h4 b4 12. Na4 Qa5 13. b3 Be7 (13... d5 14. Bh3
dxe4 15. g5 hxg5 16. hxg5 Nd5 17. Nxe6 fxe6 18. fxe4 O-O-O 19. exd5 Bxd5 20.
Bb6 Qb5 21. Bf1 Rxh1 22. Bxb5 Rxd1+ 23. Kxd1 Nxb6 24. Nxb6+ Kb7 25. Nxd5 axb5
26. Qf4 Rxd5+ 27. Ke2 $18 {Blehm,P-Jonsson,B/Cappelle la Grande 1995 (50)}) (
13... Nc5 14. Bh3 Nxa4 15. bxa4 Nd7 16. g5 Qxa4 17. g6 Nc5 18. gxf7+ Kxf7 19.
Kb1 Qa3 20. Nc6 Na4 21. Bxe6+ Ke8 22. Bf7+ Kd7 23. Ne5+ Kc7 24. Bd4 {0-1
Blodstein,A-Har Zvi,R/Tel Aviv Cup rapid 1996}) 14. Bd3 Nc5 15. g5 Nfd7 16. g6
Ne5 ({On} 16... fxg6 {White has a strong reply} 17. e5 $1 {[%csl Re6,Rg6][%cal
Gd3g6,Yd4e6] attacking the weak squares e6 and g6. , tr}) 17. gxf7+ Kxf7 18.
Be2 (18. f4 $2 {fails to} Nexd3+ 19. cxd3 Nxa4) 18... Nxa4 19. bxa4 {Position
of the white king is seriosly weakened. Yet, White's defensive resources are
not to be underestimated. Black king can also become an object of attack. The
following play is very interesting.} Rac8 ({On} 19... Qxa4 {White can reply}
20. Kb1 {followed by Nb3.}) 20. Rhg1 Bf6 ({Still,} 20... Qxa4 {deserved here
serious attention.}) 21. f4 Nc4 22. Bxc4 Rxc4 23. e5 $1 {The first culmination.
Blocking the dark-squared bishop and opening d-file, White discloses manifold
threats to the black king.} dxe5 24. Nb3 ({Tempting} 24. Nxe6 {(/\24...Ke6 25.
Qd7#) is met by} Qxa4) 24... Qd5 ({Now} 24... Qxa4 $2 {is refuted by} 25. Qd7+)
25. Qf2 Qe4 26. Nc5 Rxc2+ 27. Qxc2 Qxe3+ 28. Kb1 Bd5 29. f5 Rc8 30. fxe6+ Kg8
31. e7 Bf7 32. Rge1 Qg3 33. Rg1 Qe3 (33... Qxh4 {falls short after} 34. Qf5)
34. Rge1 Qg3 35. Rd8+ $2 ({Overestimting the chances. White had to contend with
} 35. Rg1) 35... Rxd8 36. exd8=Q+ Bxd8 37. Qd2 Bxh4 38. Ne4 $4 {Blunder in the
time-trouble. At any rate, White's position is unberarable.} Qxe1+ 0-1

[Event "EU-chT (Men) 14th"]
[Site "Plovdiv"]
[Date "2003.10.15"]
[Round "5.2"]
[White "Vallejo Pons, Francisco"]
[Black "Lalic, Bogdan"]
[Result "1-0"]
[WhiteElo "2662"]
[BlackElo "2503"]
[Annotator "Atlas,V"]
[PlyCount "81"]
[EventDate "2003.10.10"]
[EventType "team-swiss"]
[EventRounds "9"]
[EventCountry "BUL"]
[SourceTitle "CBM 098"]
[Source "ChessBase"]
[SourceDate "2004.02.03"]
[SourceVersion "1"]
[SourceVersionDate "2004.02.03"]
[SourceQuality "1"]
[WhiteTeam "Spain"]
[BlackTeam "England"]
[WhiteTeamCountry "ESP"]
[BlackTeamCountry "ENG"]

1. e4 c5 2. Nf3 d6 3. d4 cxd4 4. Nxd4 Nf6 5. Nc3 a6 6. f3 e6 7. Be3 Be7 8. Qd2
Nc6 9. O-O-O O-O 10. g4 Nxd4 11. Bxd4 b5 12. Kb1 Bb7 13. h4 Nd7 14. Qf2 Qc7 15.
g5 b4 16. Na4 d5 17. Nb6 Nxb6 18. Bxb6 Qb8 19. Rg1 dxe4 20. h5 Bd6 21. fxe4
Bxe4 22. Bd3 Bd5 23. h6 g6 24. Rde1 Be7 25. Bc5 Bxc5 26. Qf6 Bd4 27. Qxd4 f6
28. gxf6 Qd8 29. b3 Qxf6 30. Qxb4 a5 31. Qa4 Qc3 32. Rgf1 Rf2 33. Rc1 Raf8 34.
Rxf2 Rxf2 35. Rg1 Bc6 36. Qh4 Rf6 37. Qg3 a4 ({This untimely pawn advance
loses the game. Correct was Dieser Bauernvorstoß ist hier fehl am Platz
verliert die Partie. Korrekt war} 37... Be4 $1 {, exchanging White's dangerous
bishop. After , um den gefährlichen weißen Läufer zu tauschen. Nach} 38. Qd6 (
38. Bxe4 $2 Rf1+) 38... Bxd3 39. cxd3 Rf2 {Black has good chances to escape.
hat Schwarz gute Rettungschancen.}) 38. Qc7 $1 {The energetic queen thrust
yields White an irresistible attack. Der energische Dameneinfall verschafft
Weiß unwiderstehlichen Angriff.} Rf8 (38... Rf7 {fails to scheitert an} 39.
Qc8+ Rf8 40. Qxe6+) {[%tqu "En","Black's forces may appear active, but they
are not well coordinated and don't protect their king. Can White use this?",
"Exploit the power of your active pieces and go after the enemy king!",
"Sacrifice your bishop to add the decisive momentum to White's attack.","d3g6",
"This powerful blow decides the game for White.",5,"De","Die Kräfte des
Schwarzen stehen scheinbar aktiv, aber sie sind schlecht koordiniert und
leisten nichts zum Schutz ihres Königs. Kann Weiß sich dies zunutze machen?",
"Spielen Sie die Kraft Ihrer aktiven Figuren aus und nehmen Sie den
feindlichen König aufs Korn!","Opfern Sie den Läufer, um dem weißen Angriff
entscheidenden Schwung zu verleihen.","d3g6","Dieser Kraftzug entscheidet die
Partie zugunsten von Weiß.",5]} 39. Bxg6 $1 {[%csl Gc7,Rf8,Gg1,Gg6,Rg7,Rg8,Gh6]
[%cal Gg1g8,Gc7g7] The final culmination of White's attack. After the terrific
bishop sacrifice Black is defenseless. Der Schlusspunkt des weißen Angriffs.
Nach dem wuchtigen Läuferopfer ist Schwarz ohne Verteidigung.} hxg6 40. Rxg6+
Kh8 41. Qg7+ 1-0